000 00518nam a2200205Ia 4500
005 20250506172943.0
008 008 250505s9999 xx 000 0 eng d
020 _a9789391165338
037 _aTB
040 _aILCL
_beng
_cILCL
041 _aeng
_2eng
082 _qILCL
100 _aChandrachud, Chintan
245 4 _aThe Cases that India Forgot
260 _aNew Delhi
_bJuggernaut Books
_c2021
300 _axiii,231p.
365 _aINR
942 _cTB
_2Colon Classification
999 _c1312919
_d1312919